[Event "Sofia MGU op 13th"]
[Site "Sofia"]
[Date "2010.07.31"]
[Round "3"]
[White "Stoev, Tsvetoslav"]
[Black "Popov, Ilian"]
[Result "0-1"]
[WhiteElo "1695"]
[BlackElo "2247"]
[PlyCount "36"]
[EventDate "2010.07.31"]
[EventType "swiss"]
[EventRounds "6"]
[EventCountry "BUL"]
[SourceTitle "CBM 137 Extra"]
[Source "ChessBase"]
[SourceDate "2010.09.01"]
[SourceVersion "1"]
[SourceVersionDate "2010.09.01"]
[SourceQuality "1"]

1. Nf3 c5 2. g3 e6 3. c4 b6 4. Bg2 Bb7 5. 0-0 Be7 6. Nc3 Nf6 7. d4 cxd4 8. Nxd4 Bxg2 9. Kxg2 Qc8 10. Bf4 Qxc4 11. Ncb5 Na6 12. Qb3 Qd5+ 13. f3 0-0 14. e4 Qh5 15. g4 Qg6 16. Bg3 Nc5 17. Qe3 h5 18. Nf5 exf5 0-1

[Event "Sofia MGU op 06th"]
[Site "Sofia"]
[Date "2010.05.23"]
[Round "6"]
[White "Stoev, Tsvetoslav"]
[Black "Nikolova, Adriana"]
[Result "1/2-1/2"]
[WhiteElo "1723"]
[BlackElo "2318"]
[PlyCount "69"]
[EventDate "2010.05.22"]
[EventType "swiss"]
[EventRounds "6"]
[EventCountry "BUL"]
[SourceTitle "CBM 136 Extra"]
[Source "ChessBase"]
[SourceDate "2010.07.02"]
[SourceVersion "2"]
[SourceVersionDate "2010.07.15"]
[SourceQuality "1"]

1. Nf3 d5 2. g3 c5 3. c4 d4 4. b4 cxb4 5. a3 b3 6. Qxb3 Nc6 7. Bg2 g6 8. d3 Bg7 9. 0-0 Nh6 10. Nbd2 0-0 11. c5 Rb8 12. Nc4 Be6 13. Bf4 Bxc4 14. Qxc4 e5 15. Bg5 Qc7 16. Nd2 Na5 17. Qd5 Kh8 18. Ne4 f6 19. Bxh6 Bxh6 20. Nd6 Rbd8 21. Rab1 b6 22. cxb6 axb6 23. Nb5 Qe7 24. Qa2 Rc8 25. a4 Rb8 26. Qa3 Qf7 27. Qb4 Rfd8 28. Nd6 Qe7 29. Nc4 Qxb4 30. Rxb4 Nxc4 31. Rxc4 Rdc8 32. Rxc8+ Rxc8 33. Rb1 Rc1+ 34. Rxc1 Bxc1 35. Bc6 1/2-1/2

[Event "BUL-ch Students"]
[Site "Sofia"]
[Date "2009.11.07"]
[Round "5"]
[White "Tsekov, Svetozar"]
[Black "Stoev, Tsvetoslav"]
[Result "1-0"]
[WhiteElo "2234"]
[BlackElo "1723"]
[PlyCount "29"]
[EventDate "2009.11.04"]
[EventType "swiss"]
[EventRounds "7"]
[EventCountry "BUL"]
[SourceTitle "EXT 2010"]
[Source "ChessBase"]
[SourceDate "2010.11.25"]
[SourceVersion "1"]
[SourceVersionDate "2010.11.25"]
[SourceQuality "1"]

1. e4 e5 2. Nf3 Nc6 3. Bc4 Nf6 4. d4 exd4 5. e5 d5 6. Bb5 Ne4 7. Nxd4 Bd7 8. Bxc6 bxc6 9. 0-0 c5 10. Nb3 Bc6 11. Na5 Bb5 12. c4 Ba6 13. Qa4+ Qd7 14. Qxd7+ Kxd7 15. f3 1-0

[Event "BUL-ch Students"]
[Site "Sofia"]
[Date "2009.11.04"]
[Round "1"]
[White "Enchev, Ivajlo"]
[Black "Stoev, Tsvetoslav"]
[Result "1-0"]
[WhiteElo "2416"]
[BlackElo "1723"]
[PlyCount "59"]
[EventDate "2009.11.04"]
[EventType "swiss"]
[EventRounds "7"]
[EventCountry "BUL"]
[SourceTitle "EXT 2010"]
[Source "ChessBase"]
[SourceDate "2010.11.25"]
[SourceVersion "1"]
[SourceVersionDate "2010.11.25"]
[SourceQuality "1"]

1. c4 Nf6 2. Nc3 g6 3. e4 d6 4. d4 Bg7 5. f3 0-0 6. Be3 Nbd7 7. Qd2 c5 8. Nge2 cxd4 9. Nxd4 a6 10. Be2 Ne5 11. 0-0 Bd7 12. Rfc1 Rc8 13. Nd5 Nxd5 14. exd5 h5 15. h3 f6 16. f4 Nf7 17. g4 hxg4 18. hxg4 Qe8 19. Ne6 Bxe6 20. dxe6 Nd8 21. f5 Nc6 22. b4 Ne5 23. Kf2 Qc6 24. Qd5 Qxd5 25. cxd5 b5 26. Ke1 Nc4 27. Bxc4 bxc4 28. Rc3 Rc7 29. Rac1 Rfc8 30. Kd2 1-0

[Event "Sofia CSKA-Thessaloniki U14"]
[Site "Sofia"]
[Date "2009.04.21"]
[Round "1"]
[White "Stoev, Tsvetoslav"]
[Black "Koutroukis, Andreas"]
[Result "0-1"]
[WhiteElo "1765"]
[BlackElo "1853"]
[PlyCount "100"]
[EventDate "2009.04.21"]
[EventType "schev"]
[EventRounds "7"]
[EventCountry "BUL"]
[SourceTitle "EXT 2012"]
[Source "ChessBase"]
[SourceDate "2011.11.24"]
[SourceVersion "1"]
[SourceVersionDate "2011.11.24"]
[SourceQuality "1"]

1. e4 c5 2. Nf3 Nc6 3. Nc3 g6 4. d4 cxd4 5. Nxd4 Bg7 6. Be3 Nf6 7. Nxc6 bxc6 8. e5 Nd5 9. Nxd5 cxd5 10. Qxd5 Rb8 11. Bxa7 Rxb2 12. Bd4 Rxc2 13. Bd3 Rc6 14. 0-0 0-0 15. a4 Qc7 16. Bb5 Rc2 17. a5 Bb7 18. Qxd7 Qxd7 19. Bxd7 Rd8 20. Ba4 Rc4 21. Bb6 Rd2 22. Be3 Rg4 23. g3 Rb2 24. Bd7 Re4 25. Rfb1 Bxe5 26. Rxb2 Bxb2 27. Ra2 Bd4 28. a6 Ba8 29. a7 Kg7 30. Bh3 Bxe3 31. Bg2 Bxa7 32. Bxe4 Bxf2+ 33. Kxf2 Bxe4 34. Ra7 e6 35. Ke3 Bd5 36. Kd4 Kf6 37. Ra6 h5 38. Rd6 Kf5 39. Ra6 f6 40. Ra1 Kg4 41. Rf1 f5 42. Ke5 Kh3 43. Kf6 Kxh2 44. Kxg6 Kxg3 45. Kxh5 f4 46. Rc1 f3 47. Rc3 Kg2 48. Kg4 f2 49. Rg3+ Kh1 50. Rh3+ Kg1 0-1

[Event "BUL-ch U20"]
[Site "Sofia"]
[Date "2009.03.13"]
[Round "6"]
[White "Petrov, Plamen"]
[Black "Stoev, Tsvetoslav"]
[Result "0-1"]
[WhiteElo "1875"]
[BlackElo "1765"]
[PlyCount "44"]
[EventDate "2009.03.09"]
[EventType "swiss"]
[EventRounds "9"]
[EventCountry "BUL"]
[SourceTitle "CBM 129 Extra"]
[Source "ChessBase"]
[SourceDate "2009.05.05"]
[SourceVersion "2"]
[SourceVersionDate "2009.05.20"]
[SourceQuality "1"]

1. e4 e5 2. Nc3 Nf6 3. f4 d5 4. fxe5 Nxe4 5. Qf3 Nc6 6. Bb5 Nxc3 7. bxc3 Be7 8. d4 0-0 9. Ne2 f6 10. exf6 Bxf6 11. Nf4 Bxd4 12. cxd4 Nxd4 13. Qd3 Qe7+ 14. Ne2 Nxb5 15. Qxb5 Bg4 16. Kd2 Rae8 17. Re1 Qe3+ 18. Kd1 Qd4+ 19. Qd3 Qxa1 20. Kd2 Rxe2+ 21. Rxe2 Bxe2 22. Qxe2 Qd4+ 0-1

[Event "Sofia CSKA op"]
[Site "Sofia"]
[Date "2007.10.27"]
[Round "2"]
[White "Stoev, Tsvetoslav"]
[Black "Lyubomirov, Ilijan"]
[Result "1-0"]
[WhiteElo "1910"]
[BlackElo "1641"]
[PlyCount "52"]
[EventDate "2007.10.27"]
[EventType "swiss"]
[EventRounds "7"]
[EventCountry "BUL"]
[SourceTitle "EXT 2008"]
[Source "ChessBase"]
[SourceDate "2007.11.25"]
[SourceVersion "1"]
[SourceVersionDate "2007.11.25"]
[SourceQuality "1"]

1. e4 e5 2. Nf3 Nc6 3. Bb5 Bc5 4. 0-0 Nf6 5. c3 0-0 6. d4 exd4 7. cxd4 Bb6 8. d5 Ne7 9. d6 Ng6 10. Nc3 cxd6 11. Qxd6 Qc7 12. Qd3 Re8 13. Nd5 Nxd5 14. exd5 Ne5 15. Nxe5 Qxe5 16. Bd2 Bc7 17. f4 Qxb2 18. Bc3 Qa3 19. Rf3 Qc5+ 20. Kh1 a6 21. Rh3 h6 22. Rg3 g6 23. Rxg6+ Kf8 24. Bg7+ Ke7 25. Re1+ Kd8 26. Bf6+ Re7 1-0